Score 0/24 Timer 07:00
0 Plays Today
Track # Character % Correct
1Bugs Bunny
94.4%
7Daffy Duck
84.9%
11Road Runner
82.4%
23Tweety Bird
81.4%
3Sylvester the Cat
81.3%
5Tasmanian Devil
76.6%
24Porky Pig
73.9%
10Woody Woodpecker
71%
4Barney Rubble
70.2%
2Speedy Gonzales
69.9%
18Yosemite Sam
66.1%
9Pepe Le Pew
62%
Track # Character % Correct
21Foghorn Leghorn
60.6%
17Marvin Martian
56.7%
8Captain Caveman
37.4%
13Wile E. Coyote
31.2%
12Cosmo Spacely
31%
14Henery Hawk
25%
16Dino
22.7%
6Hugo the Abominable Snowman
12.4%
22Speed Buggy
9.3%
15Sylvester Jr.
8.5%
19Secret Squirrel
7.3%
20Cecil Turtle
4.7%

You're not logged in!

Compare scores with friends on all Sporcle quizzes.
OR
Log In

Sporcle TV

Today on Sporcle TV


Watch our educational content, quiz creation guides, and fun videos on Sporcle TV.

Show Comments

Extras

Top Quizzes Today


Score Distribution

Paid Content

Your Account Isn't Verified!

In order to create a playlist on Sporcle, you need to verify the email address you used during registration. Go to your Sporcle Settings to finish the process.

Report this User

Report this user for behavior that violates our Community Guidelines.

Details: